| 000 | 00588nam a22001937a 4500 | ||
|---|---|---|---|
| 999 |
_c10794 _d10794 |
||
| 003 | AR-CdUCM | ||
| 008 | 190329b ||||| |||| 00| 0 spa d | ||
| 040 |
_aMUNICIPALIDAD PROVINCIAL DEL CUSCO _cBIBLIOTECA MUNICIPAL DEL CUSCO |
||
| 082 |
_aES / 800 / _bS17 _23ed. |
||
| 100 |
_aSaint-Varent, Anne _927824 |
||
| 245 | _aVida de Pío XII / | ||
| 260 |
_aBarcelona : _bBruguera ; _c1964. |
||
| 300 |
_a255 páginas ; _bIlustraciones _c20cm |
||
| 440 |
_aColección Historias _927112 |
||
| 505 | _aContenido: Novela | ||
| 650 |
_aLiteratura _9416 |
||
| 942 |
_2ddc _cLIBROS |
||
| 945 | _anom | ||